书目信息 |
| 题名: |
世界地理速读
|
|
| 作者: | 黎娜 编著 | |
| 分册: | ||
| 出版信息: | 北京 光明日报出版社 2005.01 |
|
| 页数: | 253页 | |
| 开本: | 23cm | |
| 丛书名: | 图文速读系列 | |
| 单 册: | ||
| 中图分类: | K91-49 | |
| 科图分类: | ||
| 主题词: | 地理--di li--世界--普及读物 | |
| 电子资源: | ||
| ISBN: | 7-80145-939-3 | |
| 000 | 00990nam 2200253 450 | |
| 001 | 012006732421 | |
| 005 | 20060904163009.57 | |
| 010 | @a7-80145-939-3@dCNY22.00 | |
| 100 | @a20060610d2005 km y0chiy0120 ea | |
| 101 | 0 | @achi |
| 102 | @aCN@b110000 | |
| 105 | @aab z 000yy | |
| 200 | 1 | @a世界地理速读@Ashi jie di li su du@d= Fast reading of world geography@e图文版@f黎娜编著@Fli na bian zhu@zeng |
| 210 | @a北京@c光明日报出版社@d2005.01 | |
| 215 | @a253页@c图, 地图@d23cm | |
| 225 | 2 | @a图文速读系列@Atu wen su du xi lie |
| 330 | @a本书是一部帮助读者快速学习和掌握世界地理知识的工具书,全书分为海洋、欧洲、美洲、亚洲、非洲、大洋州、南极洲七个部分,设置地理概况、自然资源、交通运输、地理小档案、旅游等多个角度解读世界自然和人文地理。 | |
| 410 | 0 | @12001 @a图文速读系列 |
| 510 | 1 | @aFast reading of world geography@zeng |
| 606 | 0 | @a地理@Adi li@y世界@j普及读物 |
| 690 | @aK91-49@v4 | |
| 701 | 0 | @a黎娜@Ali na@4编著 |
| 801 | 0 | @aCN@bQSSK@c20060904 |
| 905 | @a10447@dK91-49@eL108 | |
| 世界地理速读= Fast reading of world geography:图文版/黎娜编著.-北京:光明日报出版社,2005.01 |
| 253页:图, 地图;23cm.-(图文速读系列) |
| ISBN 7-80145-939-3:CNY22.00 |
| 本书是一部帮助读者快速学习和掌握世界地理知识的工具书,全书分为海洋、欧洲、美洲、亚洲、非洲、大洋州、南极洲七个部分,设置地理概况、自然资源、交通运输、地理小档案、旅游等多个角度解读世界自然和人文地理。 |
| ● |
| 相关链接 |
|
|
|
正题名:世界地理速读
索取号:K91-49/L108
 
预约/预借
| 序号 | 登录号 | 条形码 | 馆藏地/架位号 | 状态 | 备注 |
| 1 | 585028 | 205850284 | 社科库309/309社科库 12排2列1层/ [索取号:K91-49/L108] | 在馆 | |
| 2 | 585029 | 205850293 | 社科库309/309社科库 12排2列1层/ [索取号:K91-49/L108] | 在馆 | |
| 3 | 585030 | 205850300 | 社科库309/309社科库 12排2列1层/ [索取号:K91-49/L108] | 在馆 |